01232nam a2200277 4500003000500000005001700005008004100022040003100063050001900094100003200113245011900145260008300264300004500347336002600392337002800418338002700446500013400473501007900607504004100686650002800727650004500755650003600800650003800836650003900874700004100913NUST20260512095637.0260512b |||||||| |||| 00| 0 eng d aNUSTbengcNUSTdNUSTerda aRC78.7.F55 RUN aRundora, Kareen A.eauthor. aEstablishment of diagnostic reference levels in common fluoroscopy procedures in Zimbabwe /cby Kareen A. Rundora. aBulawayo, Zimbabwe :bNational University of Science and Technology ,c©2020. axii, 51 pages :billustrations ;c31 cm. 2rdacontentatextbtxt 2rdamediaaunmediatedbn 2rdacarrieravolumebnc aA research project submitted in partial fulfilment of the requirements for the Bachelor of Science Honours degree in Radiography. 00(BSc in Radiography) National University of Science and Technology, 2020. aIncludes bibliographical references. aFluoroscopy zZimbabwe. aDiagnostic reference levels (Radiology). aRadiation dosimetry zZimbabwe. aMedical imagingxSafety measures. aRadiology x Standards zZimbabwe. aMrs E. F. Maguranyanga.esupervisor.